| 000 | 01378nam0a22002891 4500 | ||
|---|---|---|---|
| 001 | v19\rc\2064045 | ||
| 005 | 20250620025303.0 | ||
| 035 | _a(NLR Aleph) 005140339 | ||
| 090 |
_a4796756 _c4796756 |
||
| 100 | _a20081111d1910 |||y0rusy50 ca | ||
| 101 | 0 | _arus | |
| 102 | _aRU | ||
| 105 | _aa z ||||| | ||
| 200 | 1 |
_aМаленький архитектор _eЛист для вырезания и склеивания _fХудож. И. Модера |
|
| 210 |
_a[Санкт-Петербург _aМосква] _cт-во М.О. Вольф _d[1910] |
||
| 215 |
_a1 л. _cил. _d48х62 |
||
| 309 | _aБез тит. л. и обл. | ||
| 311 | _aБеспл. прил. к журн. "Задушев. слово" для мл. возраста. 1910. Т. 50, № 35 | ||
| 316 |
_aЭкз. РНБ (П29/250): приплетено... _5NLR: П29/250 |
||
| 422 | 0 |
_12001#$aЗадушевное слово для младшего возраста$v1910, т. 50, № 35 _tЗадушевное слово для младшего возраста |
|
| 482 | 0 |
_12001#$aЗадушевное слово для младшего возраста$v1910, т. 50, № 35 _tЗадушевное слово для младшего возраста |
|
| 700 | 1 |
_aМодер _bИ. _4040 |
|
| 801 | 0 |
_aRU _bNLR _gpsbo |
|
| 801 | 1 |
_aRU _bProSoft-M _2rusmarc |
|
| 852 |
_aNLR _jП29/250 |
||
| 942 | _cBOOK | ||
| 980 | _aNB | ||